Представление документа в формате MARC21

Поле Инд. ПП Название Значение
Тип записи a
Библиографический уровень m
001 Контрольный номер RU/IS/BASE/318513642
005 Дата корректировки 20220708111005.8
040 b Код языка каталог. rus
041 a Код языка текста rus
080 a Индекс УДК 004.42
084 a Индекс другой классификации/Индекс ББК 32.973.26-018.2
090 a Полочн. индекс 681.3
c Каталожный индекс 681.3.06
x Авторский знак Б90
097 b Оператор 11
100 a Автор Булей Г.
245 a Заглавие Микропрограммирование
c Ответственность пер. с фр. Е. В. Бабичевой ; под ред. М. Д. Пебарта
260 a Место издания М.
b Издательство Мир
c Дата издания 1973
300 a Объем 128 с.
b Иллюстрации/ тип воспроизводства черт.
510 a Примечание о ссылках Книги и методические пособия
650 a Основная рубрика 50.05 Теоретические основы программирования
x Основная подрубрика 50.05.13 Технология программирования. Автоматизация программирования
653 a Ключевые слова программирование; цифровые вычислительные машины
901 t Тип документа m